| 000 | 00767cam a22002531 4500 | ||
|---|---|---|---|
| 001 | 21005 | ||
| 003 | BD-RjUL | ||
| 005 | 20211209000634.0 | ||
| 008 | 140303r19601959nyu 001 0 eng | ||
| 035 | _a(BD-RjUL)21067 | ||
| 035 | _a(OCoLC)352867 | ||
| 040 |
_aDLC _cODaWU _dOCoLC _dOCanS _dNGvP _dDLC _dBD-RjUL _beng |
||
| 041 | _aeng | ||
| 082 | 0 | 0 |
_a822.33 _bMOR 1960 |
| 100 | 1 |
_aGarrett, John, _d1902- _964915 |
|
| 245 | 1 | 0 |
_aMore talking of Shakespeare / _cEdited by John Garrett. |
| 260 |
_aLondon : _bLongmans, _c1959 [Reprinted 1960]. |
||
| 300 |
_aix, 190 p. ; _c23 cm. |
||
| 504 | _aIncludes index. | ||
| 600 | 1 | 0 |
_aShakespeare, William, _d1564-1616 _xCriticism and interpretation. _964917 |
| 942 |
_2ddc _cBK |
||
| 999 |
_c21005 _d21005 |
||